000 01024nam1a22003251 4500
001 RU\NLR\A1SV\122368
005 20251203171251.9
035 _a(NLR Aleph) 010443037
090 _a9898186
_c9898186
100 _a20131030d1926 u y0rusy50 ca
101 0 _arus
102 _aRU
200 1 _aТерапевтический справочник
_fПод техн. ред. [и с предисл.] д-ра И.С.Лобко
205 _a3-е изд.
_bзначит. доп. изд.
210 _aСаратов
_cСарполиграфпром
_d1926
215 _d18 см
225 _aДля студентов и врачей
620 _dСаратов
702 1 _aЛобко
_bИ.С.
_f-1938
_gИсай Соломонович
801 0 _aRU
_bNLR
_c20131030
852 _aNLR
_j25/709-1-2
852 _aNLR
_j90/1424
899 _aНБУВ
_z(Т.2-3)
899 _aСамОУНБ
_z(Т.3)
899 _aЗНБ СГУ
_z(Т.2)
899 _aРГБ
942 _cBOOK
980 _aNB
980 _aA1SV